[Event "East Kilbride Weekly op 4th"]
[Site "East Kilbride"]
[Date "2011.05.26"]
[Round "4"]
[White "Thomas, Joseff"]
[Black "McKay, Stewart"]
[Result "1/2-1/2"]
[WhiteElo "2043"]
[BlackElo "1355"]
[PlyCount "127"]
[EventDate "2011.05.??"]
[EventType "swiss"]
[EventRounds "5"]
[EventCountry "SCO"]
[SourceTitle "EXT 2023"]
[Source "ChessBase"]
[SourceDate "2022.10.05"]
[SourceVersion "1"]
[SourceVersionDate "2022.10.05"]
[SourceQuality "1"]

1. e4 d5 2. exd5 Qxd5 3. Nc3 Qa5 4. Nf3 Nf6 5. d4 Bg4 6. Be2 Nbd7 7. Bd2 e6 8. a3 c6 9. Ne4 Qb6 10. Nxf6+ Nxf6 11. Bc3 Ne4 12. Qd3 Bf5 13. Qe3 Bd6 14. Bd3 Nxc3 15. Bxf5 Nd5 16. Qe2 Qxb2 17. 0-0 Nf4 18. Qe3 Nd5 19. Qe1 Qc3 20. Qxc3 Nxc3 21. Bd3 0-0 22. Rfe1 c5 23. dxc5 Bxc5 24. Ne5 Rfd8 25. Nc4 b6 26. Be4 Nxe4 27. Rxe4 Rac8 28. Kf1 Bd4 29. Rd1 Rxc4 30. c3 Rxc3 31. Rexd4 Rxd4 32. Rxd4 Rc8 33. Rd7 Ra8 34. Ke2 g6 35. a4 Kg7 36. Rc7 h6 37. h4 a5 38. Rb7 Ra6 39. Ke3 Kf6 40. Ke4 g5 41. hxg5+ Kxg5 42. Rxf7 b5 43. axb5 Rb6 44. Ke5 Kg6 45. Rf6+ Kg5 46. f4+ Kg4 47. Rg6+ Kh4 48. f5 Rxb5+ 49. Kxe6 a4 50. f6 Rb6+ 51. Ke5 Rb5+ 52. Ke6 Rb6+ 53. Ke5 Rb5+ 54. Ke6 a3 55. f7 a2 56. f8Q Rb6+ 57. Kd5 Rxg6 58. Qb4+ Kg3 59. Qb2 Ra6 60. Qe5+ Kf2 61. Qb2+ Kg1 62. Qc1+ Kh2 63. Qf4+ Kg1 64. Qc1+ 1/2-1/2